000 00658nam a2200229Ia 4500
003 OSt
005 20220925212602.0
006 a|||||r|||| 00| 0
007 ta
008 220923b |||||||| |||| 00| 0 eng d
037 _cGeneral Book
040 _aRTL
_cRTL
_beng
041 _2eng
_aeng
082 _aX:2:(B), M1
100 _aStrange Susan
_9105747
245 0 _aInternational politics of surplus capacity
_b Compet
260 _aLondon
_bAllen and Unwin
_c1981
300 _a220p
_ccm.
700 _a Tooze Roger Ed.
_9130293
942 _hX:2:(B), M1
_cGB
_2CC
999 _c560720
_d560720